Lillelord : a novel /

Bibliographic Details
Main Author: Borgen, Johan, 1902-1979
Other Authors: Peterson, Ronald E.
Format: Book
Language:English
Norwegian
Published: New York : New Directions Pub. Corp., [1982]

MARC

Tag First Indicator Second Indicator Subfields
LEADER 00000pam a2200000 a 4500
001 in00000084530
005 20151008061426.0
008 810911s1982 nyu 00011 eng
010 |a  81014216  
020 |a 0811208265 
020 |a 0811208273 (pbk.) 
035 |a (OCoLC)07835639 
035 |9 AAJ8035AM 
039 0 |a 2  |b 3  |c 3  |d 3  |e 3 
040 |a DLC  |c DLC  |d TXA  |d UtOrBLW 
041 1 |a eng  |a nor 
049 |a TXAM  |c [388202] 
050 0 0 |a PT8950.B713  |b L513 
082 0 |a 839.8/2372  |2 19 
100 1 |a Borgen, Johan,  |d 1902-1979. 
240 1 0 |a Lillelord.  |l English 
245 1 0 |a Lillelord :  |b a novel /  |c by Johan Borgen ; edited with an introduction by Ronald E. Peterson ; translated by Elizabeth Brown Moen and Ronald E. Peterson. 
264 1 |a New York :  |b New Directions Pub. Corp.,  |c [1982] 
264 4 |c ©1982 
300 |a viii, 312 pages ;  |c 21 cm. 
336 |a text  |b txt  |2 rdacontent 
337 |a unmediated  |b n  |2 rdamedia 
338 |a volume  |b nc  |2 rdacarrier 
500 |a "A New Direction book." 
500 |a Translation of: Lillelord. 
700 1 |a Peterson, Ronald E. 
999 |a MARS 
999 f f |s 74f550a5-dde9-3162-91cc-4d4be0f92678  |i 2b7ad4d9-2b42-3ec1-9ed2-3c8365b14536  |t 0 
952 f f |p ric  |a Texas A&M University  |b Rellis Campus  |c Joint Library Facility  |d Remote Storage  |t 0  |e PT8950.B713 L513  |h Library of Congress classification  |i unmediated -- volume  |m A14806195622 
998 f f |a PT8950.B713 L513  |t 0  |l Remote Storage